[Event "YUG-chT"]
[Site "Vrnjacka Banja"]
[Date "1996.??.??"]
[Round "?"]
[White "Gajic, Djordje"]
[Black "Narancic, Vlado"]
[Result "0-1"]
[WhiteElo "2335"]
[BlackElo "2380"]
[PlyCount "66"]
[EventDate "1996.??.??"]
[EventType "team"]
[EventRounds "11"]
[EventCountry "YUG"]
[SourceTitle "EXT 2000"]
[Source "ChessBase"]
[SourceDate "1999.11.16"]
[SourceVersion "1"]
[SourceVersionDate "1999.11.16"]
[SourceQuality "1"]

1. d4 Nf6 2. Nf3 g6 3. g3 Bg7 4. Bg2 0-0 5. 0-0 d6 6. b3 Nbd7 7. Bb2 c6 8. Nbd2 Re8 9. e4 Qc7 10. Re1 e5 11. dxe5 dxe5 12. a4 Bf8 13. Qe2 a5 14. h3 b6 15. Nh2 Ba6 16. Qf3 Rad8 17. Bf1 Bxf1 18. Ndxf1 Re6 19. Ng4 h5 20. Nxf6+ Rxf6 21. Qe2 Bc5 22. Ne3 Nf8 23. Red1 Rxd1+ 24. Rxd1 Ne6 25. Kg2 Ng5 26. Qd3 Rd6 27. Bxe5 Qd7 28. Qe2 Qxh3+ 29. Kg1 Rxd1+ 30. Qxd1 Kh7 31. Qe2 Qe6 32. Bc7 Qxe4 33. Qc4 Qf3 0-1

[Event "YUG-chT"]
[Site "Vrnjacka Banja"]
[Date "1996.??.??"]
[Round "?"]
[White "Kontic, Djordjije"]
[Black "Gajic, Djordje"]
[Result "1/2-1/2"]
[WhiteElo "2400"]
[BlackElo "2335"]
[PlyCount "34"]
[EventDate "1996.??.??"]
[EventType "team"]
[EventRounds "11"]
[EventCountry "YUG"]
[SourceTitle "EXT 2000"]
[Source "ChessBase"]
[SourceDate "1999.11.16"]
[SourceVersion "1"]
[SourceVersionDate "1999.11.16"]
[SourceQuality "1"]

1. e4 c5 2. Ne2 Nc6 3. Nbc3 e5 4. Ng3 g6 5. Bc4 Bg7 6. 0-0 Nge7 7. d3 d6 8. f4 exf4 9. Bxf4 0-0 10. Qd2 Be6 11. Bg5 Qd7 12. Bf6 Ne5 13. Bxg7 Kxg7 14. Qg5 Ng8 15. Nh5+ Kh8 16. Bxe6 fxe6 17. Nf4 Rf6 1/2-1/2

[Event "YUG-chT"]
[Site "Vrnjacka Banja"]
[Date "1996.??.??"]
[Round "?"]
[White "Pikula, Dejan"]
[Black "Gajic, Djordje"]
[Result "1-0"]
[WhiteElo "2455"]
[BlackElo "2335"]
[PlyCount "119"]
[EventDate "1996.??.??"]
[EventType "team"]
[EventRounds "11"]
[EventCountry "YUG"]
[SourceTitle "EXT 2000"]
[Source "ChessBase"]
[SourceDate "1999.11.16"]
[SourceVersion "1"]
[SourceVersionDate "1999.11.16"]
[SourceQuality "1"]

1. e4 e5 2. Bc4 Nf6 3. d3 Nc6 4. Nf3 Be7 5. Bb3 0-0 6. 0-0 d6 7. c3 Bd7 8. Nbd2 Ne8 9. Nc4 g6 10. h3 Ng7 11. d4 b5 12. Ne3 Kh8 13. a4 bxa4 14. Bxa4 f6 15. Nd5 Nb8 16. Bc2 Bb5 17. Re1 Nd7 18. Be3 Nb6 19. b3 Nxd5 20. exd5 a5 21. Bd2 Bd7 22. c4 c6 23. dxc6 Bxc6 24. Bc3 Qc7 25. d5 Bd7 26. Qd2 a4 27. Nh4 g5 28. Qd3 f5 29. Nf3 axb3 30. Rxa8 Rxa8 31. Bxb3 Bf6 32. Qd2 f4 33. g4 fxg3 34. Kg2 gxf2 35. Qxf2 Nh5 36. h4 Nf4+ 37. Kh2 Nd3 38. Qf1 Nxe1 39. Nxe5 Bxe5+ 40. Bxe5+ Kg8 41. Qf6 Nf3+ 42. Qxf3 dxe5 43. d6 Qd8 44. c5+ Kg7 45. Qf7+ Kh8 46. Bc2 e4 47. Bxe4 Ra2+ 48. Qxa2 Qf6 49. Kg1 Qe5 50. Qf7 Qg3+ 51. Bg2 Qe1+ 52. Qf1 Qe3+ 53. Qf2 Qc1+ 54. Kh2 Kg7 55. hxg5 Qxg5 56. Qg3 Bg4 57. d7 Qh6+ 58. Bh3 Qd2+ 59. Qg2 Qf4+ 60. Kh1 1-0

[Event "Jajce (Women)"]
[Site "Jajce"]
[Date "1990.??.??"]
[Round "2"]
[White "Gajic, Djordje"]
[Black "Sziva, Erika"]
[Result "1/2-1/2"]
[WhiteElo "2295"]
[BlackElo "2250"]
[PlyCount "71"]
[EventDate "1990.??.??"]
[EventType "tourn"]
[EventRounds "11"]
[EventCountry "YUG"]
[EventCategory "2"]
[SourceTitle "TD"]
[Source "ChessBase"]
[SourceDate "1994.03.01"]
[SourceVersion "1"]
[SourceVersionDate "1994.03.01"]
[SourceQuality "1"]

1. Nf3 Nf6 2. c4 g6 3. Nc3 Bg7 4. e4 d6 5. d4 0-0 6. Be2 e5 7. Be3 Ng4 8. Bg5 f6 9. Bh4 g5 10. Bg3 Nh6 11. dxe5 dxe5 12. Qxd8 Rxd8 13. Nd5 Rd7 14. h4 Nf7 15. hxg5 fxg5 16. 0-0-0 Na6 17. Nh2 c6 18. Ne3 Nc5 19. f3 Ne6 20. Nhg4 Rxd1+ 21. Bxd1 Nd4 22. Nf2 Be6 23. Nd3 b6 24. Kb1 Rd8 25. Bc2 Ne2 26. Bf2 Nd4 27. c5 Bf8 28. Bg3 Bxa2+ 29. Kxa2 Nxc2 30. Nxc2 Rxd3 31. Nb4 Rd2 32. Nxc6 Bxc5 33. Nxe5 Bd4 34. Nxf7 Rxb2+ 35. Ka3 Kxf7 36. Rxh7+ 1/2-1/2

[Event "Novi Sad op"]
[Site "Novi Sad"]
[Date "1989.??.??"]
[Round "?"]
[White "Gajic, Djordje"]
[Black "Solak, Zdravko"]
[Result "1-0"]
[WhiteElo "2310"]
[BlackElo "2225"]
[PlyCount "27"]
[EventDate "1989.??.??"]
[EventType "swiss"]
[EventRounds "9"]
[EventCountry "YUG"]
[SourceTitle "EXT 2003"]
[Source "ChessBase"]
[SourceDate "2002.11.25"]
[SourceVersion "1"]
[SourceVersionDate "2002.11.25"]
[SourceQuality "1"]

1. e4 e6 2. d3 d5 3. Nd2 Nf6 4. Ngf3 Be7 5. g3 b6 6. Bg2 Bb7 7. 0-0 dxe4 8. dxe4 Nxe4 9. Ne5 f5 10. Bxe4 Bxe4 11. Qh5+ g6 12. Nxg6 hxg6 13. Qxh8+ Kf7 14. Qh7+ 1-0